00854nam a2200193Ia 4500999001500000003000900015005001700024008004100041040002800082090002200110110006300132245012500195260009500320300004400415504002400459650001500483942001200498952015000510 c2704d2704DO-SdBJH20180416224643.0180414s9999 dr 000 0 spa d aDO-SdBJHbspacDO-SdBJH aDM FC 100-37 1986 aEscuela de Comando y Estado Mayor del Ejército de EE.UU.10aFC 100-37 La neutralización del terrorismo por la unidad / Escuela de Comando y Estado Mayor del Ejército de EE.UU. aFort Leavenworth, Kansas : Escuela de Comando y Estado Myor del Ejército de EE.UU., 1986 aii, 11 páginas en varias paginaciones aIncluye apéndices 4aTerrorismo 2ddccBK 00102ddc40708DMaBEGEMbBEGEMcGENd2018-04-14i18-EERD-01102l0oDM FC 100-37 1986p18-EERD-01102r2018-04-14 00:00:00tEj.1w2018-04-14yBK